| 000 | 00337nam a2200133 i 4500 | ||
|---|---|---|---|
| 001 | bg | ||
| 100 | 1 | _aKRZYŻANOWSKI, W. A. | |
| 245 | 0 |
_aTurbiny wodne. Konstrukcja i zasady regulacji / _cW.A. Krzyżanowski. |
|
| 260 |
_aWarszawa, _c1971. |
||
| 040 | _cBPK | ||
| 041 | _apol | ||
| 942 | _cKS | ||
| 008 | s pl f |000 0 pol | ||
| 999 |
_c13815 _d13815 |
||
| 856 |
_uhttp://koha.tu.koszalin.pl/cgi-bin/koha/opac-detail.pl?biblionumber=13815 _yKatalog online BPK |
||